Normal view
MARC view
- McCarter, Sam
Entry Personal Name
001 - CONTROL NUMBER
- control field: 153620
003 - CONTROL NUMBER IDENTIFIER
- control field: TR-AnTOB
005 - DATE AND TIME OF LATEST TRANSACTION
- control field: 20260413164717.0
008 - FIXED-LENGTH DATA ELEMENTS
- fixed length control field: 011030n| acannaabn |n aaa c
010 ## - LIBRARY OF CONGRESS CONTROL NUMBER
- LC control number: nr2001044745
040 ## - CATALOGING SOURCE
- Original cataloging agency: StEdNL
- Language of cataloging: eng
- Description conventions: rda
- Transcribing agency: StEdNL
- Modifying agency: TR-AnTOB
100 10 - HEADING--PERSONAL NAME
- Personal name: McCarter, Sam
670 ## - SOURCE DATA FOUND
- Source citation: A book for IELTS, c1999:
- Information found: p. 2 of cover (Sam McCarter)
688 ## - APPLICATION HISTORY NOTE
- Institution to which field applies: TR-AnTOB
- Application history note: GU 13.04.2026



